Представление документа в формате MARC21

Поле Инд. ПП Название Значение
Тип записи a
Библиографический уровень m
001 Контрольный номер 6fc00025-9575-4555-a38f-bc945cece140
005 Дата корректировки 20131111225631.4
008 Кодируемые данные 010511 d
020 a ISBN 5-85009-079-7
c Цена, тираж 3.00
040 a Служба первич. каталог. RU-RKP
040 a Служба первич. каталог. НБ ТвГУ
041 a Код языка текста rus
080 a Индекс УДК 615.851.86
084 a Индекс другой классификации/Индекс ББК Ч516.914
090 x Авторский знак З-91
a Полочн. индекс Ч516.9
092 a 76.33.29
100 1_ a Автор Зубков Анатолий Николаевич
245 00 a Заглавие Йога - путь к здоровью
c Ответственность [А. Н. Зубков]
260 0_ a Место издания Москва
b Издательство Сов. спорт
c Дата издания 1991
300 a Объем 95,[1] с.
b Иллюстрации/ тип воспроизводства ил.
c Размеры 20 см
500 a Примечание Авт. указан на обл.
650 a Основная рубрика Йогов система физической культуры
653 a Ключевые слова Общая гигиена
852 t Порядковый номер экземпляра 1
p Инвентарный номер 624101
999 a Подразделение 2 *